| 000 | 006400000a22001810004500 | ||
|---|---|---|---|
| 003 | MACL | ||
| 005 | 20160331120911.0 | ||
| 008 | 160331b xxu||||| |||| 00| 0 eng d | ||
| 040 |
_aMACL _cMACL |
||
| 041 | _aHindi | ||
| 082 | _a300 | ||
| 100 |
_aडॉ चरनदास सिंह _949146 |
||
| 245 | _aडॉ भीमराव अम्बेडकर का सामाजिक मानववाद एवं भारतीय बैंक व्यवस्था | ||
| 260 |
_bकला प्रकाशन _c2011 _aवाराणसी |
||
| 350 | _a800 | ||
| 650 |
_aSociology _949147 |
||
| 942 |
_cHIN _k300 _2ddc |
||
| 999 |
_c45756 _d45756 |
||